=LDR 00000nam 2200000 4500 =001 INLIS000000000012071 =005 20130612103620 =008 ***********************************Ind** =035 ##$$0010-061300000012071 =041 ##$$a Ind =082 ##$$a 536 =090 ##$$a 536, Rai k =100 ##$$a Raih, thamrim =245 ##$$a Ketel uap, oleh thamrin =260 ##$$a 1985 $b Bandung =300 ##$$a vi, 94 hlm., Ilus, 21 cm =650 ##$$a Panas =850 ##$$a NBPNMAT